Vplyv vlhkosti na rýchlosť uvoľňovania tepla a výťažok oxidu uhoľnatého z vybraných drevín
Saved in:
| Main Author: | |
|---|---|
| Other Authors: | |
| Format: | Manuscript Book |
| Language: | Slovak |
| Published: |
2025
|
| Subjects: | |
| Online Access: | http://is.stuba.sk/zp/portal_zp.pl?podrobnosti=176775 |
| Tags: |
No Tags, Be the first to tag this record!
|
MARC
| LEADER | 00000ntm a22000003a 4500 | ||
|---|---|---|---|
| 001 | stuzp105530 | ||
| 003 | SK-STU | ||
| 005 | 20250628212841.0 | ||
| 007 | ta | ||
| 008 | 150427s2015----xo-----f-mn---000-0-slo-d | ||
| 040 | |a STU |b slo | ||
| 041 | 0 | |a slo | |
| 100 | 1 | |a Hrotík, Branislav |u 065000 |4 aut |U MTF Materiálovotechnologická fakulta |T MTF Ústav integrovanej bezpečnosti |X 121859 |U M5000 |Y 85 |7 121859 | |
| 242 | 0 | 1 | |a The effect of humidity on the heat release rate and carbon monoxide yield from selected wood species |y eng |
| 245 | 1 | 0 | |a Vplyv vlhkosti na rýchlosť uvoľňovania tepla a výťažok oxidu uhoľnatého z vybraných drevín |
| 260 | |c 2025 | ||
| 650 | 4 | |a rýchlosť uvoľňovania tepla |2 slo | |
| 650 | 4 | |a rýchlosť tvorby CO |2 slo | |
| 650 | 4 | |a vlhkosť |2 slo | |
| 650 | 4 | |a drevo |2 slo | |
| 650 | 4 | |a heat release rate |2 eng | |
| 650 | 4 | |a moisture |2 eng | |
| 650 | 4 | |a wood |2 eng | |
| 650 | 4 | |a CO production rate |2 eng | |
| 700 | 1 | |a Martinka, Jozef |u 065300 |k Z1 |4 ths |U MTF Ústav integrovanej bezpečnosti |T MTF Katedra požiarneho inžinierstva |X 45163 |U M5300 |Y 193 |7 A000045163 | |
| 856 | 4 | |u http://is.stuba.sk/zp/portal_zp.pl?podrobnosti=176775 | |
| 996 | |c M* BP-9933 |l MMSKP |s P |a 0 |w stuzp105530_0001 | ||